000 00695cab a2200229 4500
001 X3169
008 090401t1996 xxu||||| |||| 00| 0 eng d
035 _a(Sirsi) u28905
041 _aeng
245 _aGooden v Kelley
260 _c1996
350 _a0
490 _aNew Property Cases
_v(1996) NPC 33, (2)
520 _aThe court declines to award an injunction to remove a deliberatelyy committed and permanent trespass on land or to award aggravated damages. (Journal abstract) NO PHOTOCOPYING ALLOWED
650 _aAGGRAVATED DAMAGES
650 _aDRAINAGE
650 _aGOODEN V KELLEY
650 _aTRESPASS
690 _aLAND-CASE LAW
942 _n0
948 _c04/03/1997
999 _c19446
_d19446